000 00391nam a22001337a 4500
008 230307b |||||||| |||| 00| 0 eng d
020 _a1869886089.
050 _aJQ2947 .K35 K53 1996.
100 _aKinyatti, wa Maina
_952215
245 _aKenya;
_ba prison note book
_cMaina ,Wa Kinyatti
260 _aLondon:
_bVita Books,
_c1996.
300 _aiii;
_b286p;
_c23cm.
942 _2lcc
_cMONOGRAPH
999 _c131655
_d131655